000 00434nam a2200109Ia 4500
008 160909s9999 xx 000 0 und d
100 _aGruenberg, Kevin
245 _aMentalization in DIR/Floortime: Facilitating reflective functioning in parents of children with developmental challenges
260 _bAlliant International University.
_c2016
650 _aMASS COM
856 _uhttp://pqdtopen.proquest.com/doc/1690460539.html?FMT=ABS
999 _c304244
_d304244